| 000 | 006740000a22003010004500 | ||
|---|---|---|---|
| 111 | _ab | ||
| 440 | _aCasebook Series | ||
| 650 | _aLiterature | ||
| 650 | _aLiterary criticism | ||
| 650 | _aLiterary history | ||
| 650 | _aEnglish | ||
| 650 | _aLiterary style | ||
| 650 | _aPoetry | ||
| 650 | _aDrama | ||
| 650 | _aFiction | ||
| 082 |
_a809 _bB279i |
||
| 518 | _a971130 | ||
| 530 | _aM | ||
| 100 | _aBarry, Peter, ed. | ||
| 245 | _aIssues in contemporary critical theory | ||
| 020 | _a0-333-39812-2 | ||
| 260 |
_aLondon _bMacmillan Press, Great Britain |
||
| 260 | _c1987 | ||
| 041 | _aEng | ||
| 300 | _a195p. | ||
| 365 | _aSP. 4.50 | ||
| 942 | _cGEN | ||
| 999 |
_c12504 _d12504 |
||